00539nam a2200229Ia 450000500170000000800460001702000180006303700100008104000080009104000080009904000080010704100080011504100080012308400080013110000160013924500560015526000230021126000090023436500050024336500080024885600530025620260324150325.0008 260324s9999 xx 000 0 eng d a9781003617914 aEBOOK aCRL beng cCRL 2eng aeng qCRL aJ.R. Lander 0aConflict and Stability in Fifteenth-Century England bTaylor and Francis c1969 a b145 uhttp://www.taylorfrancis.com/books/9781003617914